000 00908cam a2200265 a 4500
001 14591712
005 20180122073039.0
008 061012s2007 caua 001 0 eng
010 _a 2006034043
020 _a9781599180816 (pbk.)
020 _a1599180812 (pbk.)
035 _a(OCoLC)ocm72871372
035 _a(OCoLC)72871372
040 _aDLC
_cDLC
_dYDX
_dBAKER
_dBTCTA
_dGK8
_dDPL
_dYDXCP
_dVP@
_dQBX
_dDLC
041 _aeng
080 _a658.041 RIE
082 0 0 _a658.041 RIE
_222
100 _a59
101 _aBUS
245 0 0 _aStart your own business :
_cRieva Lesonsky.
246 3 _aEntrepreneur magazine's Start your own business
906 _a7
_bcbc
_corignew
_d1
_eecip
_f20
_gy-gencatlg
942 _2ddc
_cBK
999 _c40662
_d40662